Statistiques concernant Vainqueurs du Rolex Monte-Carlo Masters

Cliquez ici pour prendre le quiz!

Statistiques générales

  • Ce quiz a été pris 42 fois
  • Le résultat moyen est 29 sur 53

Statistiques - réponses

AnnéeVainqueur% Correct
2015Novak Djokovic
100%
2013Novak Djokovic
100%
2005Rafael Nadal
100%
2016Rafael Nadal
100%
2017Rafael Nadal
100%
2018Rafael Nadal
100%
2012Rafael Nadal
100%
2011Rafael Nadal
100%
2009Rafael Nadal
100%
2010Rafael Nadal
100%
2008Rafael Nadal
100%
2007Rafael Nadal
100%
2006Rafael Nadal
100%
2021Stéfanos Tsitsipas
81%
2022Stéfanos Tsitsipas
81%
1977Björn Borg
75%
1979Björn Borg
75%
1980Björn Borg
75%
2014Stanislas Wawrinka
75%
1988Ivan Lendl
64%
1985Ivan Lendl
64%
2023Andrey Rublev
61%
2002Juan Carlos Ferrero
61%
2003Juan Carlos Ferrero
61%
1999Gustavo Kuerten
58%
2001Gustavo Kuerten
58%
1987Mats Wilander
53%
1983Mats Wilander
53%
1994Andreï Medvedev
50%
1998Carlos Moya
47%
1973Ilie Năstase
44%
1972Ilie Năstase
44%
1971Ilie Năstase
44%
2019Fabio Fognini
39%
1982Guillermo Vilas
36%
1976Guillermo Vilas
36%
1996Thomas Muster
36%
1992Thomas Muster
36%
1995Thomas Muster
36%
2000Cédric Pioline
31%
2004Guillermo Coria
31%
1993Sergi Bruguera
25%
1991Sergi Bruguera
25%
1997Marcelo Ríos
17%
1975Manuel Orantes
14%
1986Joakim Nyström
6%
1989Alberto Mancini
3%
1990Andrei Chesnokov
3%
1984Henrik Sundström
3%
1974Andrew Pattison
0%
1978Raúl Ramírez
0%
1969Tom Okker
0%
1970Željko Franulović
0%

Distribution des résultats

Percentile par nombre de réponses

% des personnes avec chaque résultat

Votre développement - résultats

Vous n’avez pas pris ce quiz